Lazarillo de Tormes.

Gorde:
Xehetasun bibliografikoak
Formatua: Liburua
Argitaratua: Madrid, España: Cátedra, 2002.
Edizioa:Decimosexta edición.
Saila:Letras Hispánicas, 44
Gaiak:
Etiketak: Etiketa erantsi
Etiketarik gabe, Izan zaitez lehena erregistro honi etiketa jartzen!

MARC

LEADER 00000nam a2200000 a 4500
001 UCW6496
003 CL-VaPUC
005 20241121122821.0
008 241115t2002 ||||| |||| 00| 0 eng d
999 |c 445711  |d 445709 
020 |a 84-376-0660-8 
040 |c Pontificia Universidad Católica de Valparaíso 
082 0 4 |a 863 LAZ 2002  |2 21 
245 1 3 |a Lazarillo de Tormes. 
250 |a Decimosexta edición.  
260 |a Madrid, España:  |b Cátedra,   |c 2002. 
300 |a 191 páginas.  
490 0 |a Letras Hispánicas, 44 
500 |a c.1. Donación Btca Educación Memo s/n 6-11-2024. 
583 |a last modification  |c 19920317 00:00:00  |k Cristina María Rojas Aguilar 
650 0 |a Novelas españolas  |9 265052 
942 |c BK  |2 ddc 
952 |0 0  |1 0  |2 ddc  |4 0  |6 863_000000000000000_LAZ_2002  |7 0  |8 A  |9 598037  |a BIBEDU  |b BIBEDU  |d 2024-11-15  |e Donación   |i 5663184  |o 863 LAZ 2002  |p 5663184  |r 2024-11-15  |t 1  |w 2024-11-15  |y BK  |k EDU